01298nam a22002297a 4500003001700000005001700017008004100034020001800075040000700093041001200100082001900112100001600131245004400147250000600191260003100197300003200228365006400260520067700324650003401001700001701035700001601052St Aloysius Coll20250820154046.0250819b |||||||| |||| 00| 0 eng d a9781405133081 cAL aEnglish a616.8914bKINH aRobert King aHandbook of psychosocial rehabilitation a2 aAustraliabBlackwellc2008 aiv, 227p.bPBc24.5x17.5cm. 2Generala2783b₹6517.00c₹d₹8147.00e20%f12/08/2025 ahe Handbook of Psychosocial Rehabilitation is designed as a clinical handbook for practitioners in the field of mental health. It recognises the wide-ranging impact of mental illness and its ramifications on daily life. The book promotes a recovery model of psychosocial rehabilitation and aims to empower clinicians to engage their clients in tailored rehabilitation plans. The authors distil relevant evidence from the literature, but the focus is on the clinical setting. Coverage includes the service environment, assessment, maintaining recovery-focussed therapeutic relationships, the role of pharmacotherapy, intensive case management and vocational rehabilitation. 2PsychotherapyaMental Health  aLloyd, Chris aMeehan, Tom